|
|
|
|
| LEADER |
03346nam a2200637 i 4500 |
| 001 |
mzk03001266048 |
| 003 |
CZ BrMZK |
| 005 |
20191105134347.0 |
| 007 |
ta |
| 008 |
191105s1616 sz fr|||||00| ||latod |
| 040 |
|
|
|a BOA001
|b cze
|e rda
|
| 072 |
|
7 |
|a 5
|x Přírodní vědy. Matematické vědy
|2 Konspekt
|9 6
|
| 072 |
|
7 |
|a 094
|x Staré tisky
|2 Konspekt
|9 12
|
| 080 |
|
|
|a 5
|2 MRF
|
| 080 |
|
|
|a 030
|2 MRF
|
| 080 |
|
|
|a 025.171
|2 MRF
|
| 080 |
|
|
|a (0.068)094
|2 MRF
|
| 080 |
|
|
|a (031)
|2 MRF
|
| 100 |
0 |
|
|a Plinius,
|c Mladší,
|d asi 61-asi 112
|7 jn19981001999
|4 aut
|
| 245 |
1 |
0 |
|a C. Plinij Secundi HISTORIAE MVNDI LIBRI XXXVII. A' SIGISMVNDO GELENIO summa fide castigati, veterúmque tum excusorum tum manuscriptorum codicum attentissima collatione restituti. Accessere ad marginem varia lectiones, ex PINTIANI, TVRNEBI, LIPSI, aliorumq[ue] doctißimorum qui pagina quarta indicantur scriptis fideliter excerptae. Opus tributum in tomos tres cum INDICI rerum omnium copiosissimo.
|n Tomus Primus
|
| 246 |
3 |
3 |
|a HISTORIAE MVNDI LIBRI XXXVII.
|
| 246 |
3 |
3 |
|a HISTORIAE MUNDI LIBRI XXXVII.
|
| 250 |
|
|
|a Editio postrema
|
| 264 |
|
1 |
|a [Geneva] :
|b TYPIS IACOBI STOER,
|c 1616
|
| 300 |
|
|
|a 102 nečíslovaných stran, 648 stran, 126 nečíslovaných stran ;
|c 12°
|
| 336 |
|
|
|a text
|b txt
|2 rdacontent
|
| 337 |
|
|
|a bez média
|b n
|2 rdamedia
|
| 338 |
|
|
|a svazek
|b nc
|2 rdacarrier
|
| 500 |
|
|
|a Rozsah: [102], 648, [126] s.
|
| 500 |
|
|
|a Výzdoba: Titulní list tištěn červeně a černě, nad impresem medailon s portrétem Plinia II., vlysy, iniciály, viněta tištěná červeně
|
| 500 |
|
|
|a Místo vydání dle působení tiskaře
|
| 561 |
|
|
|a Provenience: [m.p.] Monasterij S. Venceslaj Braunae 1658
|
| 561 |
|
|
|a Provenience: [razítko] S.A.B. BRAUNAU
|
| 561 |
|
|
|a Provenience: [razítko] SVK HK/3939
|
| 563 |
|
|
|a Původní usňová vazba, lepenkové desky potažené hovězinou se slepotiskovými rámci a florálním dekorem, na přední knižní desce uprostřed slepotiskový medailon s vyobrazením Krista nesoucího na zádech beránka, v opise je umístěn text: DER WELT SVNDTRE ODVGOTTESLAMPDAS, na zadní knižní desce slepotiskový florální a ornamentální dekor, ořízka barvená zeleně, dva usňové proužky
|
| 590 |
|
|
|a Rozpraskaná useň na hřbetu, části chybí
|
| 650 |
|
7 |
|a přírodní vědy
|7 ph115999
|2 czenas
|
| 650 |
|
7 |
|a encyklopedie
|7 ph117188
|2 czenas
|
| 650 |
|
7 |
|a historické knihovní fondy
|7 ph172933
|2 czenas
|
| 655 |
|
7 |
|a staré tisky
|7 fd422076
|2 czenas
|
| 655 |
|
7 |
|a encyklopedie
|7 fd132201
|2 czenas
|
| 700 |
1 |
|
|a Hrubý z Jelení, Zikmund,
|d 1497-1554
|7 jk01042995
|4 edt
|
| 700 |
1 |
|
|a Núñez, Hernán,
|d asi 1475-1553
|7 mzk2004248722
|4 ctb
|
| 700 |
1 |
|
|a Turnèbe, Adrien,
|d 1512-1565
|7 mzk2008486697
|4 ctb
|
| 700 |
1 |
|
|a Lipsius, Justus,
|d 1547-1606
|7 jn20000603776
|4 ctb
|
| 856 |
4 |
2 |
|u https://reader.digitale-sammlungen.de/de/fs1/object/display/bsb11265593_00005.html
|y Digitalizovaný dokument
|z Exemplář z Bavorské státní knihovny
|
| 903 |
|
|
|a RP
|
| 910 |
|
|
|a NAG950
|b B - XVIII. E. bb. 12,1
|
| 978 |
|
|
|b Stoer, Jacob
|a Genève
|c 1616
|
| 982 |
0 |
|
|a Broumov - benediktinský klášter
|8 1658
|
| 982 |
0 |
|
|a Hradec Králové - SVK
|
| 984 |
|
|
|a Ženeva
|b Švýcarsko
|
| 985 |
|
|
|a 1601-1650
|
| 990 |
|
|
|a BK
|
| 991 |
|
|
|k broumov
|
| 980 |
|
|
|c 003613
|g B - XVIII. E. bb. 12,1
|1 458950003613
|